AH International Schools' Libraries

The kamogawa food detectives / (Record no. 49361)

MARC details
000 -LEADER
fixed length control field 00571nam a2200157 4500
020 ## - INTERNATIONAL STANDARD BOOK NUMBER
International Standard Book Number 9781035009596
100 ## - MAIN ENTRY--PERSONAL NAME
Personal name Hisashi, Kashiwai,
Relator term author.
9 (RLIN) 86637
245 ## - TITLE STATEMENT
Title The kamogawa food detectives /
Statement of responsibility, etc by Hisashi Kashiwai, translated by Jesse Kirkwood.
260 ## - PUBLICATION, DISTRIBUTION, ETC. (IMPRINT)
Place of publication, distribution, etc London ;
Name of publisher, distributor, etc Pan Macmillan :
Date of publication, distribution, etc 2024.
300 ## - PHYSICAL DESCRIPTION
Extent 208 pages.
Dimensions 5.2 x 0.59 x 7.76 inches.
490 ## - SERIES STATEMENT
Series statement A Kamogawa Food Detectives Novel :
Volume number/sequential designation 1 of 3
650 ## - SUBJECT ADDED ENTRY--TOPICAL TERM
9 (RLIN) 20647
Topical term or geographic name as entry element Detective and mystery stories.
650 ## - SUBJECT ADDED ENTRY--TOPICAL TERM
9 (RLIN) 53388
Topical term or geographic name as entry element Restaurants
Form subdivision Juvenile fiction.
650 ## - SUBJECT ADDED ENTRY--TOPICAL TERM
9 (RLIN) 41030
Topical term or geographic name as entry element Family
Form subdivision Fiction.
942 ## - ADDED ENTRY ELEMENTS (KOHA)
Source of classification or shelving scheme
Koha item type Book
Holdings
Withdrawn status Lost status Source of classification or shelving scheme Damaged status Not for loan Home library Current library Date acquired Total Checkouts Full call number Barcode Date last seen Date checked out Price effective from Koha item type
          Logos International School Logos International School 08/20/2025 13 Y FIC HIS JAP 042872 03/12/2026 03/09/2026 08/20/2025 Book

For any Logos Library related questions please contact Miss Art at swongnarasuk@asianhope.org.

For any Asian Hope Library related questions please contact Miss Raza at graza@asianhope.org.

Powered by Koha